000 00224nam a2200097Ia 4500
008 190216s9999||||xx |||||||||||||| ||und||
100 _aLeela Joseph
245 0 _aAnimal Physiology
260 _bKerala Basha Inst
942 _cBK
999 _c37814
_d37814